World Capitals in Their Language - Statistics

General Stats
  • This quiz has been taken 67 times
  • The average score is 136 of 196
Answer Stats
Country Capital City % Correct
Andorra Andorra la Vella
98%
United Kingdom London / Llundain / Lunnon / Lunnainn / Londain / Loundres
98%
Netherlands Amsterdam
96%
Monaco Monaco / Múnegu
96%
Norway Oslo
96%
France Paris
96%
Latvia Riga
96%
Italy Roma
96%
Bosnia and Herzegovina Sarajevo / Сарајево
96%
North Macedonia Skopje / Скопје / Shkup
96%
Sweden Stockholm
96%
Estonia Tallinn
96%
Albania Tiranë / Tirona / Tirana
96%
Ireland Baile Átha Cliath / Dublin
93%
Germany Berlin
93%
Belgium Brussel / Bruxelles / Brüssel
93%
Hungary Budapest
93%
Finland Helsinki / Helsingfors
93%
Spain Madrid / Madril
93%
Belarus Minsk / Мінск / Минск
93%
Montenegro Podgorica / Подгорица
93%
Iceland Reykjavík
93%
Liechtenstein Vaduz
93%
Austria Wien
93%
Croatia Zagreb
93%
Switzerland Bern / Berne / Berna
91%
Slovenia Ljubljana
91%
Kosovo Prishtinë / Priština / Приштина
91%
San Marino San Marino
91%
Malta Valletta / Il-Belt Valletta
91%
Lithuania Vilnius
91%
Slovakia Bratislava
89%
Afghanistan Kābūl / کابل,
89%
Luxembourg Lëtzebuerg / Luxemburg / Luxembourg
89%
Argentina Buenos Aires
87%
Australia Canberra
87%
Moldova Chișinău
87%
Canada Ottawa
87%
El Salvador San Salvador
87%
New Zealand Wellington / Poneke / Te Whanganui-a-Tara
87%
Brazil Brasília
85%
Venezuela Caracas
85%
Bangladesh Dhaka / ঢাকা
85%
Uruguay Montevideo
85%
India Nôtun Dilli / নতুন দিল্লী / New Delhi / Navī Dilhī / નવી દિલ્હી / Naī Dillī / नई दिल्ली / Nava Dehali / ನವದೆಹಲಿ / Navī Dillī / नवी दिल्ली / Nyūḍalhi / ന്യൂഡല്ഹി / नवी दिल्ली / Naya Dilli / नयाँ दिल्ली / Nuā Dilli / ନୂଆ ଦିଲ୍ଲୀ / Navīñ Dillī / ਨਵੀਂ ਦਿੱਲੀ / Nav Dilli / नव दिल्ली / Pududilli / புது தில்லி / Krothha ḍhillī / క్రొత్త ఢిల్లీ
85%
Haiti Port-au-Prince / Pòtoprens
85%
Trinidad and Tobago Port-of-Spain
85%
South Africa Pretoria / Cape Town / Kaapstad / iPitoli / iKapa / Pitori / iPitoli / iPitori / Bloemfontein / IBloemfontein / KwelaBesuthu
85%
Dominican Republic Santo Domingo
85%
Georgia Tbilisi / თბილისი
85%
Japan Tōkyō / 東京
85%
United States Washington D.C. / Washington / D.C. / Wakinekona / Wasinetona
85%
Paraguay Asunción / Paraguay
83%
Iraq Baghdad / بغداد / Bexda / بەغدا
83%
China Běijīng / 北京
83%
Colombia Bogotá
83%
Vietnam Hà Nội
83%
Indonesia Jakarta
83%
Jamaica Kingston
83%
Saint Vincent and the Grenadines Kingstown
83%
Bolivia La Paz / Chuqiyapu or Sucre
83%
Peru Lima
83%
Portugal Lisboa
83%
Bahamas Nassau
83%
Ecuador Quito
83%
Chile Santiago
83%
São Tomé and Príncipe São Tomé
83%
Iran Tehran / تهران
83%
Jordan ‘Ammān / عمان
80%
Turkey Ankara
80%
Belize Belmopan
80%
Republic of the Congo Brazzaville / Balazavile
80%
Senegal Dakar / Ndakaaru
80%
East Timor Dili
80%
Pakistan Islāmabād / اسلام‌اباد
80%
Djibouti Jībūtī / جيبوتي / Djibouti / Jabuuti / Gabuuti
80%
South Sudan Juba
80%
Angola Luanda / Lwanda
80%
Philippines Maynila / Manila
80%
Kenya Nairobi
80%
Papua New Guinea Port Moresby / Pot Mosbi
80%
Costa Rica San José
80%
South Korea Seoul / 서울
80%
Singapore Singapura / Singapore / Xīnjiāpō / 新加坡 / Singapur / சிங்கப்பூர்
80%
Mongolia Ulaanbaatar / Улаанбаатар / ᠤᠯᠠᠭᠠᠨᠪᠠᠭᠠᠲᠤᠷ
80%
Ghana Accra / Nkran
78%
Ethiopia Addis Ababa / አዲስ አበ
78%
Madagascar Antananarivo / Tananarive
78%
Samoa Apia
78%
Guinea-Bissau Bissau
78%
Guyana Georgetown
78%
Zimbabwe Harare
78%
Democratic Republic of the Congo Kinshasa / Kinsasa / Kinsásá
78%
Malaysia Kuala Lumpur
78%
Maldives Malé / މާލެ
78%
Antigua and Barbuda Saint John's
78%
Armenia Yerevan / Երևան
78%
Barbados Bridgetown
76%
Sierra Leone Freetown
76%
Rwanda Kigali
76%
Nicaragua Managua
76%
Mozambique Maputo
76%
Kazakhstan Nur-Sultan / Нұр-Сұлтан / Нур-Султан
76%
North Korea P'yŏngyang / 평양 / 平壌
76%
Seychelles Victoria / Port Victoria
76%
Namibia Windhoek / Windhuk / Windhoek / Otjomuise
76%
Nigeria Abuja / Àbújá
74%
Mali Bamako / Bamakɔ
74%
Brunei Bandar Seri Begawan / باندر سري بڬاون
74%
Kyrgyzstan Bishkek / Бишкек
74%
Togo Lomé / Lome / Loma
74%
Zambia Lusaka
74%
Suriname Paramaribo
74%
Czech Republic Praha
74%
Cape Verde Praia
74%
Dominica Roseau
74%
Grenada Saint George's
74%
Yemen Ṣan‘ā’ / ﺻﻨﻌﺎﺀ
74%
Bhutan Thimphu / ཐིམ་ཕུ
74%
Cameroon Yaoundé
74%
Eritrea Asmaraa / أسمرا / Asmära / አሥመራ
72%
Central African Republic Bangui / Bangî
72%
Saint Lucia Castries
72%
Guinea Conakry / Kɔnakiri / Konakiri
72%
Tanzania Dodoma
72%
Tajikistan Dushanbe / Душанбе
72%
Uganda Kampala
72%
Marshall Islands Majuro / Mājro
72%
Niger Niamey
72%
Federated States of Micronesia Palikir
72%
Benin Porto-Novo or Cotonou
72%
Sri Lanka Sri Jayawardenepura Kotte / ශ්‍රී ජයවර්ධනපුර කෝට්ටේ ஶ்ரீ ஜெயவர்த்தனபுரம் கோட்டை
72%
Fiji Suva
72%
Laos Vientiane / Vieng Chan / Wīang Chan / ວຽງຈັນ
72%
Gambia Banjul
70%
Gabon Libreville
70%
Liberia Monrovia
70%
Chad Ndjamena / Nijāmīnā / نجامينا
70%
Burkina Faso Ouagadougou
70%
Vanuatu Port Vila
70%
Honduras Tegucigalpa
70%
Nauru Yaren
70%
Mexico Ciudad de México / Āltepētl Mēxihco
67%
Panama Ciudad de Panamá
67%
Eswatini Mbabane
67%
Comoros Moroni / موروني
67%
Kiribati South Tarawa
67%
Guatemala Ciudad de Guatemala
65%
Botswana Gaborone
65%
Burundi Gitega
65%
Malawi Lilongwe
65%
Russia Moskva / Москва
65%
Mauritius Port Louis / Port-Louis / Porlwi
65%
Ivory Coast Yamoussoukro
65%
Saint Kitts and Nevis Basseterre
63%
Equatorial Guinea Malabo
63%
Lesotho Maseru
63%
Palau Ngerulmud
63%
Solomon Islands Honiara / Honiala
61%
Serbia Beograd / Београд
59%
Tonga Nukuʻalofa
57%
Poland Warszawa
57%
Denmark København
54%
Romania București
48%
Vatican City Civitas Vaticana / Città del Vaticano
41%
Cuba La Habana
41%
Algeria Madīnat al-Dschazā'ir / دزاير/ Dzayer / Al-Jazā'ir / ⴷⵣⴰⵢⴻⵔ ⵜⴰⵎⴰⵏⴻⵖⵜ / Dzayer tamaneɣt / Alger / مدينة الجزائر
41%
Bulgaria Sofija / Sofiya / София
37%
Lebanon Bayrūt / بيروت / Beyrouth
35%
Thailand Krung Thep / Krung Thep Maha Nakhon / กรุงเทพฯ / กรุงเทพมหานคร
33%
Cyprus Lefkosia / Λευκωσία / Lefkoşa
33%
Greece Athinai / Αθήναι / Athina / Αθήνα
30%
Azerbaijan Bakı
28%
Myanmar Nay Pyi Taw / နေပြည်တော်
24%
Turkmenistan Aşgabat
20%
Syria Dimashq / Ash-Sham / الشام/دمشق
20%
Oman Masqaṭ / مسقط
20%
Israel Yerushalayim / ירושלים / Al-Quds / القُدس
20%
Uzbekistan Toshkent / Тошкент
17%
Sudan Al-Khartûm / الخرطوم
15%
Ukraine Kyjiv / Київ
15%
Egypt Al-Qāhirah / القاهرة
13%
Saudi Arabia Ar-Riyāḍ / الرياض
13%
Taiwan Táiběi / 臺北 / 台北
11%
United Arab Emirates ‘Abū ẓabī / أبوظبي
9%
Bahrain Al-Manāmah / المنامة
9%
Libya Ṭrables / ⵟⵔⴰⴱⵍⴻⵙ / Tarabulus / طرابلس
9%
Tunisia Tunes / ⵜⵓⵏⵙ / Tūns / تونس
9%
Morocco Errbaṭ / ⵔⵔⴱⴰⵟ / Ar-ribaaṭ / الرباط
7%
Somalia Muqdisho / Maqadīshū / مقديشو
4%
Cambodia Phnum Pénh / ភ្នំពេញ
4%
Qatar Ad-Dawḥah / الدوحة
2%
Tuvalu Fongafale
2%
Nepal Kāṭhamāṇḍauṃ / काठमाण्डौं / Kāntipura / कान्तिपुर / Yen Dey / येँ देय्‌
2%
Kuwait Madiinat ul-Kuwayt / مدينة الكويت / id-diira / الديرة
2%
Mauritania Nwakcuṭ / anu ukcuḍ / ⵏⵡⴰⴽⵛⵓⵟ / ⴰⵏⵓ ⵓⴽⵛⵓⴹ / nwakšūṭ / نواكشوط / أنو ؤكشوض
2%
No matching quizzes found
Score Distribution
Percent of People with Each Score
Percentile by Number Answered
Your Score History
You have not taken this quiz